| 000 | 00779nam a2200205 a 4500 | ||
|---|---|---|---|
| 003 | 0 | ||
| 005 | 20250313145012.0 | ||
| 008 | 080723s19uu xx 00 eng d | ||
| 050 |
_aPGS LB 1048.5.M38 _b.Ai289 2008 |
||
| 100 | _aAihara, Yuki. | ||
| 245 |
_aAssociation of parental involvement to quality of performance in math - related tasks. _cYuki Aihara. |
||
| 260 |
_aLas PiƱas City, Philippines : _bSouthville International School and Colleges, _c2008. |
||
| 300 |
_a21 pages : _billustrations ; _c28 cm. |
||
| 504 | _aIncludes bibliographical references. | ||
| 650 | _aParent participation in education. | ||
| 650 | _a Academic achievement. | ||
| 650 |
_aMathematics _vStudy and teaching (Elementary). |
||
| 650 | _aParental influences. | ||
| 942 |
_2lcc _cPASS |
||
| 999 |
_c97897 _d97897 |
||